| 000 | 00615nam a2200157 a 4500 | ||
|---|---|---|---|
| 001 | 000039897 | ||
| 005 | 20240502094959.0 | ||
| 008 | 130729s2010 cu abc 000 0 spa d | ||
| 020 | _a9789592741040 | ||
| 040 |
_aDO-SdBNP _bspa _cBNPHU |
||
| 100 | 1 |
_aCastro, Fidel _d 1926-2016 _916971 |
|
| 245 | 1 | 3 |
_aLa victoria estratégica : _bpor todos los caminos de la sierra / _cFidel Castro Ruz ; cuidado de la edición Katiuska Blanco Castiñeira. |
| 260 |
_aLa Habana : _bpublicaciones del consejo de estado, _c2010. |
||
| 300 |
_aXXXVI, 862 p. : _bil., mapas, retr., facs. ; _c24 cm. |
||
| 700 | 1 |
_aBlanco, Katiuska, _eed. _915940 |
|
| 999 |
_c39387 _d39387 |
||